Szervezettség a tisztek munkájában (Sz. Birjuzov vezérezredes cikke a Krásznája Zvjezda 1950. évi szeptember 19-i számában)

Elmentve itt :
Bibliográfiai részletek
Dokumentumtípus: Cikk
Megjelent: 1951
Sorozat:Honvéd : katonai folyóirat 6 No. 1-2
Kulcsszavak:Hadtudomány
Online Access:http://misc.bibl.u-szeged.hu/14744
LEADER 00616nab a2200157 i 4500
001 misc14744
005 20191106141706.0
008 170607s1951 hu o 0|| hun d
040 |a SZTE Miscellanea Repozitórium  |b hun 
041 |a hun 
245 0 0 |a Szervezettség a tisztek munkájában   |h [elektronikus dokumentum] :  |b (Sz. Birjuzov vezérezredes cikke a Krásznája Zvjezda 1950. évi szeptember 19-i számában) 
260 |c 1951 
300 |a 92-95 
490 0 |a Honvéd : katonai folyóirat  |v 6 No. 1-2 
695 |a Hadtudomány 
856 4 0 |u http://misc.bibl.u-szeged.hu/14744/1/honved_006_001_002_092-095.pdf  |z Dokumentum-elérés